000 00434nam a2200181Ia 4500
001 68064
008 150819s9999 xx 000 0 und d
020 _aNA
040 _cPK-LaUMT
082 _aRCC 531.14
_bEIN-E
100 _aEinstein, Albert
245 _aEssays in Physics
_cEinstein, Albert
260 _aNew York, USA:
_bPhilosophical Library,
_c1950
300 _a75 p.
546 _aEN
650 _aGravity
942 _cBK
999 _c74109
_d74109